000 00584nam a22002057a 4500
999 _c2634
_d2634
003 OSt
005 20230802115514.0
008 230802b ||||| |||| 00| 0 eng d
020 _a9789672868293
040 _cKH8
082 _a400 SYA
100 _aSyahril Othman,
_eauthor.
245 _aIGCSE Malay Basic Writing, Vol 2 /
_cSyahril Othman.
260 _aMalaysia:
_bSyahril Education Enterprise.
300 _a100 pages,
_billustrations.
440 _aIGCSE Malay Basic Writing
_v2
651 _aMalaysia
_vMalay language
651 _aMalaysia
_vMalay grammar
942 _2ddc
_cTR